<?xml version="1.0" encoding="UTF-8"?>
<collection xmlns="http://www.loc.gov/MARC21/slim">
 <record>
  <leader>01820nam a2200229 a 4500</leader>
  <controlfield tag="001">1/52707</controlfield>
  <controlfield tag="008">210713s1975    gr            000 | gre d</controlfield>
  <datafield tag="040" ind1=" " ind2=" ">
   <subfield code="a">GR-PeUP</subfield>
  </datafield>
  <datafield tag="082" ind1="0" ind2="0">
   <subfield code="a">327.4950561 ΠΛΟ</subfield>
  </datafield>
  <datafield tag="100" ind1="1" ind2=" ">
   <subfield code="a">Πλουμίδης, Μανούσος.</subfield>
  </datafield>
  <datafield tag="245" ind1="0" ind2="2">
   <subfield code="a">Η ελληνοτουρκική κρίση : </subfield>
   <subfield code="b">Ελλάς και Τουρκία, ένα πρόβλημα συμβιώσεως / </subfield>
   <subfield code="c">Μανούσου Πλουμίδη.</subfield>
  </datafield>
  <datafield tag="260" ind1=" " ind2=" ">
   <subfield code="a">Αθήνα :</subfield>
   <subfield code="b">Εστία, </subfield>
   <subfield code="c">1975.</subfield>
  </datafield>
  <datafield tag="300" ind1=" " ind2=" ">
   <subfield code="a">79 σ. ;</subfield>
   <subfield code="c">23 εκ.</subfield>
  </datafield>
  <datafield tag="490" ind1="1" ind2=" ">
   <subfield code="a">Πολιτική και ιστορία ;</subfield>
  </datafield>
  <datafield tag="500" ind1=" " ind2=" ">
   <subfield code="a">Περιεχόμενα: Ελλάς και Τουρκία: ένα πρόβλημα συμβιώσεως -- Η ελληνοτουρκική κρίση: 1. Τα επίγοντα ζητήματα -- 2. Ο εναέριος χώρος του Αιγαίου -- 3. Η υφαλοκρηπίδα του Αιγαίου -- 4. Η αιγιαλίτις ζώνη -- 5. Τα νησιά και ο εξοπλισμός τους -- 6. Η μειονότητα της Θράκης -- Ο τουρκικός επεκτατισμός -- Η τουρκική δημοκρατία και η Συνθήκη της Λωζάννης: Τα πενήντα χρόνια της τουρκικής δημοκρατίας -- Τα πενήντα χρόνια της Συνθήκης της Λωζάννης.</subfield>
  </datafield>
  <datafield tag="651" ind1=" " ind2="0">
   <subfield code="a">Greece </subfield>
   <subfield code="x">Diplomatic relations</subfield>
   <subfield code="y">Turkey.</subfield>
  </datafield>
  <datafield tag="651" ind1=" " ind2="0">
   <subfield code="a">Turkey</subfield>
   <subfield code="x">Diplomatic relations</subfield>
   <subfield code="y">Greece.</subfield>
  </datafield>
  <datafield tag="651" ind1=" " ind2="4">
   <subfield code="a">Ελλάδα</subfield>
   <subfield code="x">Διπλωματικές σχέσεις</subfield>
   <subfield code="y">Τουρκία.</subfield>
  </datafield>
  <datafield tag="651" ind1=" " ind2="4">
   <subfield code="a">Τουρκία</subfield>
   <subfield code="x">Διπλωματικές σχέσεις</subfield>
   <subfield code="y">Ελλάδα.</subfield>
  </datafield>
  <datafield tag="830" ind1="0" ind2="0">
   <subfield code="a">Πολιτική και Ιστορία ;</subfield>
   <subfield code="v">2</subfield>
  </datafield>
  <datafield tag="852" ind1=" " ind2=" ">
   <subfield code="a">INST</subfield>
   <subfield code="b">UNIPILB</subfield>
   <subfield code="c">MAIN</subfield>
   <subfield code="e">20210713</subfield>
   <subfield code="h">327.4950561 ΠΛΟ</subfield>
   <subfield code="p">00176644</subfield>
   <subfield code="q">00176644</subfield>
   <subfield code="t">LOAN</subfield>
   <subfield code="y">0</subfield>
   <subfield code="4">1</subfield>
  </datafield>
  <datafield tag="960" ind1=" " ind2=" ">
   <subfield code="a">ΑΛΜΠΑΝΗ ΤΑΝΙΑ</subfield>
  </datafield>
 </record>
</collection>
